| 000 | 00478nam a2200193Ia 4500 | ||
|---|---|---|---|
| 003 | GCL | ||
| 008 | 140319s9999 xx 000 0 eng d | ||
| 040 |
_aGCL / _cGCL |
||
| 082 | 0 | 4 |
_a658.8 _bP M |
| 100 | 1 | _aPETER, RANL | |
| 245 | 1 | 0 |
_aMARKETING / _cPETER, RANL |
| 700 | 1 | _aCHURCHILL, GILFERT A | |
| 260 |
_a[S.N] : _bIRWIN ، _c1994 |
||
| 300 | _a703 | ||
| 650 | 0 | 4 | _aSTRATEGIC PLANNING |
| 650 | 0 | 4 | _aORGANIZATIONAL EFFECTIVENESS |
| 650 | 0 | 4 | _aMARKETING |
| 942 |
_2ddc _cBK |
||
| 999 |
_c11054 _d11054 |
||